Bright book of answers : earth and universe (Record no. 369570)

MARC details
000 -LEADER
fixed length control field 00279nam a2200097Ia 4500
082 ## - DEWEY DECIMAL CLASSIFICATION NUMBER
Classification number J 520 KOTH
008 - FIXED-LENGTH DATA ELEMENTS--GENERAL INFORMATION
fixed length control field 210817s9999 xx 000 0 und d
100 ## - MAIN ENTRY--PERSONAL NAME
Personal name KOTHE, Rainer New Delhi, 2009
9 (RLIN) 91384
245 #0 - TITLE STATEMENT
Title Bright book of answers : earth and universe
942 ## - ADDED ENTRY ELEMENTS
item type Books

No items available.